Derechos de los detenidos y constitución

Salvato in:
Dettagli Bibliografici
Autore principale: Ruotolo, Marco (Autore)
Natura: Libro
Lingua:spagnolo
Pubblicazione: Buenos Aires Ad-Hoc 2004
Edizione:1a. ed
Soggetti:
Tags: Aggiungi Tag
Nessun Tag, puoi essere il primo ad aggiungerne!!

MARC

LEADER 00000nam a2200000 a 4500
001 UCK2950
003 CL-VaPUC
008 050401e20040000AG |||||||||||||||||spa|d
020 |a 950894465X 
082 0 4 |a 345.05  |b RUO  |2 21 
100 0 |a Ruotolo, Marco  |e author  |9 490984 
245 1 0 |a Derechos de los detenidos y constitución 
250 |a 1a. ed 
300 |a 336 p 
942 |c BK 
945 |d 20050401 00:00:00  |a cmena 
260 |a Buenos Aires  |b Ad-Hoc  |c 2004 
650 7 |a DERECHO PENAL  |2 CL-VaPUC  |9 11 
650 0 |a Derecho procesal penal   |9 256392 
650 0 |a Derecho constitucional   |9 222588 
650 0 |a Garantías  |9 385837 
650 0 |a Ordenamiento jurídico   |9 355371 
583 |a last modification  |c 20050401 00:00:00  |k Rodrigo Vera 
999 |c 312339  |d 312337 
952 |0 0  |1 0  |4 0  |6 345_050000000000000_RUO_2004  |7 0  |8 A  |9 382444  |a BIBDER  |b BIBDER  |d 2019-11-21  |i 4105338  |l 1  |m 4  |o 345.05 RUO 2004  |p 4105338  |q 2025-12-31  |r 2020-03-13  |s 2020-03-13  |w 2019-11-21  |y BK  |k DER